| 000 | 00986nam a2200205 i 4500 | ||
|---|---|---|---|
| 001 | 78451 | ||
| 003 | ES-MaACL | ||
| 005 | 20230906173714.0 | ||
| 007 | t| | ||
| 008 | 041014m19421948sp ||||1| spa d | ||
| 245 | 0 | 0 |
_aHager _b: tratado de Farmacia práctica para funcionarios, droguistas, médicos y funcionarios de Sanidad / _ccon la colaboración de Phil E. Rimbach, Phil E. Mannheim ; publicado y completamente refundido por G. Frerichs ; traducción de la tercera edición alemana publicado bajo la dirección de Enrique Soler y Batlle. |
| 260 |
_aBarcelona : _bLabor, _c1942-1948 ( _fTalls. Gráfs. Ibero-Américanos) |
||
| 300 |
_a5 v. : _bil. ; _c26 cm. |
||
| 500 | _aLos tomos IV y V son apéndices publicados por Benno Reichert, versión española por Pío Font Quer. | ||
| 700 | 1 |
_aRimbach, Phil E. _997235 |
|
| 700 | 1 |
_aMannheim, Phil E. _976065 |
|
| 700 | 1 |
_aFrerichs, G. _952524 |
|
| 700 | 1 |
_aSoler y Batlle, Enrique. _9107198 |
|
| 852 |
_aES-MaACL _jC-5472-76 _bR.20357 |
||
| 999 |
_c78451 _d78451 |
||